[Event "3rd Danzhou GM"]
[Site "Danzhou CHN"]
[Date "2012.06.07"]
[Round "9"]
[White "Hou, Yifan"]
[Black "Zhou, Weiqi"]
[Result "1/2-1/2"]
[WhiteTitle "GM"]
[BlackTitle "GM"]
[WhiteElo "2623"]
[BlackElo "2624"]
[WhiteFideId "8602980"]
[BlackFideId "8601674"]
[EventDate "2012.05.29"]

1. e4 c6 2. d4 d5 3. Nc3 dxe4 4. Nxe4 Bf5 5. Ng3 Bg6 6. h4 h6 7. Nf3 Nd7 8. h5
Bh7 9. Bd3 Bxd3 10. Qxd3 e6 11. Bf4 Qa5+ 12. Bd2 Bb4 13. c3 Be7 14. c4 Qc7 15.
O-O-O Ngf6 16. Rhe1 O-O 17. Nf5 Bd6 18. Nxd6 Qxd6 19. g4 b5 20. g5 bxc4 21. Qc2
hxg5 22. Nxg5 c3 23. Bxc3 Qf4+ 24. Bd2 Qf5 25. Qxf5 exf5 26. Re7 Nb6 27. h6 gxh6
28. Nf3 Nbd5 29. Re5 f4 30. Rf5 Ne4 31. Bxf4 Kh7 32. Re1 Rae8 33. Be3 f6 34. Rh5
Ng5 35. Nxg5+ fxg5 36. Reh1 Nxe3 37. Rxh6+ Kg7 38. fxe3 Rxe3 39. Rh7+ Kg6 40.
R7h6+ Kg7 41. Rh7+ Kg6 42. R1h6+ Kf5 43. Rxc6 g4 44. Rxa7 Rg8 45. Kd2 Rh3 46.
Rf7+ Ke4 47. Re6+ Kxd4 48. Rd7+ Kc5 49. Re5+ Kc6 50. Rdd5 g3 51. Rg5 Rf8 52.
Rdf5 Rd8+ 53. Kc2 Rh2+ 54. Kc3 Rdd2 55. Rf6+ Kd7 56. Rg7+ Ke8 57. Ra6 Rc2+ 58.
Kd4 1/2-1/2

[Event "3rd Danzhou GM"]
[Site "Danzhou CHN"]
[Date "2012.06.07"]
[Round "9"]
[White "Yu, Yangyi"]
[Black "Ding, Liren"]
[Result "1/2-1/2"]
[WhiteTitle "GM"]
[BlackTitle "GM"]
[WhiteElo "2626"]
[BlackElo "2679"]
[WhiteFideId "8603820"]
[BlackFideId "8603677"]
[EventDate "2012.05.29"]

1. e4 e6 2. d4 d5 3. e5 c5 4. c3 Nc6 5. Nf3 Qb6 6. a3 Nge7 7. b4 cxd4 8. cxd4
Nf5 9. Be3 Bd7 10. Bd3 Nxe3 11. fxe3 Rc8 12. O-O Be7 13. Qe1 f5 14. exf6 Bxf6
15. Nc3 O-O 16. Na4 Qd8 17. Nc5 b6 18. Nxd7 Qxd7 19. Ra2 Qd6 20. b5 Nd8 21. g4
g6 22. g5 Bg7 23. h4 e5 24. dxe5 Qe6 25. h5 gxh5 26. g6 h6 27. Rg2 Nb7 28. Qh4
Rc3 29. Qd4 Rc5 30. Qh4 Rc3 31. Qd4 Rc5 32. Qh4 Rc3 1/2-1/2

[Event "3rd Danzhou GM"]
[Site "Danzhou CHN"]
[Date "2012.06.07"]
[Round "9"]
[White "Bu, Xiangzhi"]
[Black "Wang, Yue"]
[Result "1-0"]
[WhiteTitle "GM"]
[BlackTitle "GM"]
[WhiteElo "2656"]
[BlackElo "2690"]
[WhiteFideId "8601445"]
[BlackFideId "8601429"]
[EventDate "2012.05.29"]

1. Nf3 d5 2. d4 Nf6 3. c4 e6 4. Bg5 Be7 5. Nc3 h6 6. Bxf6 Bxf6 7. e3 O-O 8. Qc2
c5 9. dxc5 dxc4 10. Bxc4 Qa5 11. O-O Bxc3 12. Qxc3 Qxc3 13. bxc3 Nd7 14. c6 bxc6
15. Rab1 Nb6 16. Be2 Bd7 17. Ne5 Rfd8 18. Bf3 Be8 19. Bxc6 Rac8 20. Bxe8 Rxe8
21. Rfc1 Red8 22. Rb3 Rc5 23. Nf3 Ra5 24. Rb2 Nc4 25. Rbc2 e5 26. Kf1 Kh7 27. e4
Ra6 28. Ke1 Rad6 29. h4 h5 30. Nh2 a5 31. Nf1 Kg6 32. Ke2 f5 33. exf5+ Kxf5 34.
Ng3+ Kg6 35. Ne4 Rb6 36. Rd1 Rxd1 37. Kxd1 Kf7 38. Re2 Ke6 39. Nd2 Na3 40. f4
Rb5 41. c4 Rc5 42. Nb3 Rxc4 43. Rxe5+ Kf6 44. Rxa5 Nb1 45. g3 Nc3+ 46. Kd2 Ne4+
47. Kd3 Rb4 48. Nd4 Nxg3 49. Rg5 Nh1 1-0